Statystyki dla Państwa na literę D

Kliknij tutaj aby rozwiązać quiz!

Ogólne statystyki

  • Ten quiz został rozwiązany 84 razy
  • Średni wynik to 4 z 7

Statystyki odpowiedzi

HintOdpowiedź% Poprawnych
EuropaDania
100%
Ameryka pół.Dominika
86%
Ameryka pół.Dominikana
82%
AfrykaDemokratyczna Republika Konga
71%
AfrykaDżibuti
67%
WyspaDziewicze Wyspy Brytyjskie
3%
WyspaDziewicze Wyspy Stanów Zjednoczonych
3%

Rozkład punktacji

Percentyl według liczby udzielonych odpowiedzi

Procent ludzi z każdym wynikiem

Twoja historia wyników

Nie rozwiązałeś tego quizu